Name 2018 rap albums - Statistics

General Stats
  • This quiz has been taken 16 times
  • The average score is 12 of 24
Answer Stats
Artist Album % Correct
XXXTENTACION ?
100%
Travis Scott ASTROWORLD
85%
A$AP Rocky TESTING
77%
Drake Scorpion
69%
Mac Miller Swimming
69%
Pusha T DAYTONA
62%
Playboi Carti Die Lit
62%
Cardi B Invasion of Privacy
62%
J. Cole KOD
62%
Kanye West ye
62%
21 Savage I am > I was
54%
Eminem Kamikaze
54%
Denzel Curry TA13OO
54%
Lil Wayne Tha Carter V
54%
Kendrick Lamar Black Panther: The Album
46%
Juice WRLD Goodbye & Good Riddance
46%
Lil Baby & Gunna Drip Harder
38%
JID DiCaprio 2
31%
Earl Sweatshirt Some Rap Songs
31%
Meek Mill Championships
23%
Nicki Minaj Queen
23%
JPEGMAFIA Veteran
23%
Nas Nasir
15%
Nipsey Hussle Victory Lap
15%
No matching quizzes found
Score Distribution
Percent of People with Each Score
Percentile by Number Answered
Your Score History
You have not taken this quiz